Visualizzazione normale
Vista MARC
- Proja, Giovanni Battista
di Personal Name
Records bibliografici associati: 3
001 - CONTROL NUMBER
- control field: 21403
003 - CONTROL NUMBER IDENTIFIER
- control field: IT-RoINE
005 - DATE AND TIME OF LATEST TRANSACTION
- control field: 20151005071703.0
008 - FIXED-LENGTH DATA ELEMENTS
- fixed length control field: 151005|| aca||aabn | a|a d
040 ## - CATALOGING SOURCE
- Original cataloging agency: IT-RoINE
- Transcribing agency: IT-RoINE
100 ## - HEADING--PERSONAL NAME
- Personal name: Proja, Giovanni Battista
670 ## - SOURCE DATA FOUND
- Source citation: Work cat.: (IT-RoINE)0: Proja, Giovanni Battista, Costantino il Grande :, 2013.